00436nam a2200133 a 450000500170000000800410001705000180005810000220007624500290009826000410012744000170016899900190018595200980020420140414131914.0100915s19uu xx 00 eng d aFICbSp4 2004 aGunter, Jacob Ben aThe daily bulge stories. bHarper festival,c2004.aNew York : aSpider-man 2 c111388d111388 001040aMUbMUcFICd2010-09-15l0oFIC Sp4 2004pM2102r2014-04-14 00:00:00w2014-04-14yBK